[Event "Interclubs Adultes"]
[Site "Montpellier"]
[Date "2008.04.13"]
[Round "7.3"]
[White "Boudre, Jean-Pierre"]
[Black "Prie, Eric"]
[Result "1/2-1/2"]
[WhiteElo "2327"]
[BlackElo "2520"]
[PlyCount "123"]
[EventDate "13.??.??"]
[WhiteTeam "Marseille Duchamps"]
[BlackTeam "Montpellier"]

1. e4 d5 2. exd5 Qxd5 3. Nc3 Qa5 4. d4 Nf6 5. Bc4 Bg4 6. f3 Bf5 7. Bd2 Qb6 8.
Nge2 Nbd7 9. Bb3 e6 10. O-O O-O-O 11. Qe1 h5 12. a4 a6 13. a5 Qd6 14. Bf4 Qe7
15. h4 Ne8 16. Qf2 g6 17. Rfe1 Bg7 18. Ra4 Bf6 19. Bg3 g5 20. hxg5 Bxg5 21. d5
h4 22. Bf4 Bxf4 23. Rxf4 Qg5 24. dxe6 fxe6 25. Ne4 Bxe4 26. Rxe4 Nd6 (26... h3
27. Bxe6 hxg2 28. Qa7 Rh1+ 29. Kf2 g1=Q+ 30. Rxg1) (26... Nef6 27. Rb4 (27.
Bxe6 Nxe4 28. Qa7 Qc5+) 27... h3 28. Bxe6 Kb8 29. Nd4 hxg2 30. Nc6+ Kc8 31.
Ne7+ Kb8 $11) 27. Rg4 Qxa5 28. Bxe6 Kb8 29. b4 Qa4 30. Rxh4 Nb6 31. Rxh8 Rxh8
32. Qc5 Qe8 33. Nf4 Rf8 34. Nd3 Qg6 35. Bg4 Nbc4 36. Qd4 Qh6 37. Nc5 Rh8 38.
Bh3 Rg8 39. Kf2 Qg6 40. Re2 Qg3+ 41. Kf1 Nb6 42. Ne4 Nxe4 43. Rxe4 Qg5 44. f4
Qh4 45. f5 Qg5 46. Qe3 Qd8 47. Rd4 Qf6 48. c3 Rf8 49. Kg1 Nc8 50. Qe6 Qh8 51.
Kh2 Nd6 52. Rxd6 cxd6 53. Qxd6+ Ka8 54. Qd4 Qh6 55. c4 Qc6 56. c5 Qc7+ 57. Qd6
Qc8 58. g4 Qe8 59. Qe6 Qb8+ 60. Qd6 Qe8 61. Qe6 Qb8+ 62. Qd6 1/2-1/2

[Event "Interclubs Adultes"]
[Site "Montpellier"]
[Date "2008.04.13"]
[Round "7.4"]
[White "Bauer, Christian"]
[Black "Poisson, Olivier"]
[Result "1-0"]
[WhiteElo "2618"]
[BlackElo "2149"]
[PlyCount "67"]
[EventDate "13.??.??"]
[WhiteTeam "Montpellier"]
[BlackTeam "Marseille Duchamps"]

1. e4 e5 2. Nf3 Nc6 3. Bb5 a6 4. Ba4 Nf6 5. O-O Be7 6. Re1 b5 7. Bb3 O-O 8. c3
Bb7 9. d4 d6 10. Nbd2 Nd7 11. Nf1 Na5 12. Bc2 c5 13. Ne3 Re8 14. Nf5 Qc7 15. d5
Bc8 16. a4 Rb8 17. axb5 axb5 18. Nxe7+ Rxe7 19. Nh4 Nf8 20. Re3 Nc4 21. Rg3 f6
22. b3 Nb6 23. f4 exf4 24. Bxf4 Kh8 25. Qh5 g5 26. Bxg5 fxg5 27. Rf1 Kg8 28.
Qxg5+ Rg7 29. Qf6 Bg4 30. Rxg4 Rxg4 31. Nf5 h5 32. e5 Rg6 33. Ne7+ Kh7 34.
Bxg6+ 1-0

[Event "Interclubs Adultes"]
[Site "Montpellier"]
[Date "2008.04.13"]
[Round "7.5"]
[White "Ovsienko, Valentin"]
[Black "Libiszewski, Fabien"]
[Result "0-1"]
[WhiteElo "2137"]
[BlackElo "2465"]
[PlyCount "114"]
[EventDate "13.??.??"]
[WhiteTeam "Marseille Duchamps"]
[BlackTeam "Montpellier"]

1. c4 e5 2. g3 Nf6 3. Bg2 h6 4. Nc3 Bb4 5. Nd5 Nxd5 6. cxd5 O-O 7. a3 Bd6 8. d4
c5 9. dxc5 Bxc5 10. Qc2 d6 11. Nf3 Qc7 12. Qb3 b5 13. O-O Qb6 14. Be3 Bxe3 15.
Qxe3 Nd7 16. Rac1 Bb7 17. Nh4 f5 18. Qxb6 Nxb6 19. Rc7 Bxd5 20. Bxd5+ Nxd5 21.
Rd7 Rf6 22. Rd1 Nb6 23. R7xd6 Raf8 24. b3 e4 25. Ng6 Rxd6 26. Rxd6 Re8 27. h4
Kf7 28. h5 Rc8 29. Ne5+ Ke7 30. Rc6 Rxc6 31. Nxc6+ Kd6 32. Nd4 Kc5 33. Nxf5 b4
34. axb4+ Kxb4 35. Nd4 a6 36. f4 exf3 37. exf3 Kc3 38. Nc6 Kxb3 39. Kf2 Kc4 40.
g4 Kc5 41. Na5 Nc4 42. Nb3+ Kd5 43. f4 a5 44. Kf3 a4 45. Nc1 Kd4 46. g5 Nd6 47.
Na2 Nf5 48. Nb4 Kc3 49. Na2+ Kb2 50. Nb4 Kb3 51. Nd3 Kc3 52. Nc1 a3 53. gxh6
gxh6 54. Kg4 Ne3+ 55. Kf3 Kc2 56. Na2 Nd5 57. Kg4 Kb2 0-1

[Event "Interclubs Adultes"]
[Site "Montpellier"]
[Date "2008.04.13"]
[Round "7.6"]
[White "Flear, Glenn C"]
[Black "Fernandez, Laura"]
[Result "1-0"]
[WhiteElo "2508"]
[BlackElo "2025"]
[PlyCount "31"]
[EventDate "13.??.??"]
[WhiteTeam "Montpellier"]
[BlackTeam "Marseille Duchamps"]

1. d4 d5 2. c4 e5 3. dxe5 d4 4. a3 Nc6 5. e3 Nge7 6. Nf3 Nf5 7. b4 a6 8. Be2 h5
9. O-O Be6 10. e4 Nh4 11. Ng5 Bg4 12. Bxg4 hxg4 13. e6 $1 fxe6 14. Qxg4 Bd6 15.
Qxe6+ Qe7 16. f4 1-0

[Event "Interclubs Adultes"]
[Site "Montpellier"]
[Date "2008.04.13"]
[Round "7.8"]
[White "Milliet, Sophie"]
[Black "Bismuth, Sarah"]
[Result "1-0"]
[WhiteElo "2354"]
[BlackElo "1769"]
[PlyCount "37"]
[EventDate "13.??.??"]
[WhiteTeam "Montpellier"]
[BlackTeam "Marseille Duchamps"]

1. e4 e5 2. Nf3 Nc6 3. Bc4 Bc5 4. c3 Nf6 5. d3 d6 6. Bb3 O-O 7. Nbd2 a6 8. h3
h6 9. Nf1 Ne7 10. Nh4 Kh8 11. Ng3 c6 12. Qf3 Ng6 13. Ngf5 Bxf5 14. Nxf5 d5 15.
h4 dxe4 16. dxe4 Nd7 17. Bg5 Qc7 18. Bxh6 gxh6 19. Qh5 1-0

[Event "Interclubs Adultes"]
[Site "Montpellier"]
[Date "2008.04.13"]
[Round "7.2"]
[White "Glek, Igor"]
[Black "Georgiev, Vladimir"]
[Result "1/2-1/2"]
[WhiteElo "2545"]
[BlackElo "2572"]
[PlyCount "88"]
[EventDate "13.??.??"]
[WhiteTeam "Vandoeuvre"]
[BlackTeam "Mulhouse"]

1. e4 e5 2. Nf3 Nc6 3. Nc3 Nf6 4. g3 Bc5 5. Bg2 d6 6. d3 a6 7. h3 Be6 8. a3 h6
9. b4 Ba7 10. Be3 Bxe3 11. fxe3 Qd7 12. d4 exd4 13. exd4 d5 14. exd5 Nxd5 15.
Nxd5 Bxd5 16. Qe2+ Qe7 17. Qxe7+ Nxe7 18. Kf2 O-O-O 19. Rhe1 Nf5 20. c3 Nd6 21.
Nd2 Bxg2 22. Kxg2 Nb5 23. Ne4 f5 24. a4 Nxd4 25. cxd4 fxe4 26. Rxe4 Rd6 27. Rc1
Rhd8 28. Re7 R6d7 29. Rxd7 Rxd7 30. Rd1 Rf7 31. Re1 Kd7 32. Re5 Rf6 33. b5 Rd6
34. bxa6 Rxa6 35. a5 b6 36. axb6 cxb6 37. Rf5 Kc6 38. Rf7 b5 39. Kf2 b4 40. Ke2
g6 41. Kd3 Kd5 42. Rd7+ Ke6 43. Rb7 Ra3+ 44. Ke4 Rxg3 1/2-1/2

[Event "Interclubs Adultes"]
[Site "Montpellier"]
[Date "2008.04.13"]
[Round "7.5"]
[White "Wirig, Anthony"]
[Black "Nezar, Mustapha"]
[Result "1/2-1/2"]
[WhiteElo "2477"]
[BlackElo "2397"]
[PlyCount "41"]
[EventDate "13.??.??"]
[WhiteTeam "Mulhouse"]
[BlackTeam "Vandoeuvre"]

1. d4 Nf6 2. c4 e6 3. Nc3 d5 4. cxd5 exd5 5. Bg5 Be7 6. e3 c6 7. Qc2 Nbd7 8.
Bd3 Nh5 9. Bxe7 Qxe7 10. Nge2 Nb6 11. h3 g6 12. O-O-O Bd7 13. Kb1 O-O-O 14. Nc1
Ng7 15. Nb3 Bf5 16. Nc5 Bxd3 17. Rxd3 Ne6 18. N3a4 Nxa4 19. Nxa4 Kb8 20. Rc1
Rc8 21. Rb3 1/2-1/2

[Event "Interclubs Adultes"]
[Site "Montpellier"]
[Date "2008.04.13"]
[Round "7.6"]
[White "Philippe, Christophe"]
[Black "Bricard, Emmanuel"]
[Result "1-0"]
[WhiteElo "2407"]
[BlackElo "2484"]
[PlyCount "59"]
[EventDate "13.??.??"]
[WhiteTeam "Vandoeuvre"]
[BlackTeam "Mulhouse"]

1. e4 e6 2. d4 d5 3. Nc3 Nc6 4. Nf3 Nf6 5. e5 Ne4 6. Bd3 Bb4 7. Bd2 Nxd2 8.
Qxd2 f6 9. a3 Be7 10. O-O-O fxe5 11. dxe5 O-O 12. h4 Rxf3 13. gxf3 Nxe5 14.
Rdg1 Qf8 15. h5 Nxf3 16. Qh6 Ng5 17. Rxg5 Qf4+ 18. Kb1 Bxg5 19. Qxh7+ Kf7 20.
Bg6+ Kf6 21. Qg8 Ke7 22. Qxg7+ Kd6 23. Rd1 Kc6 24. Be8+ Kb6 25. Na4+ Ka6 26.
Nc5+ Kb6 27. Nd3 Qf6 28. h6 e5 29. Rg1 Qxh6 30. Qxg5 1-0

[Event "Interclubs Adultes"]
[Site "Montpellier"]
[Date "2008.04.13"]
[Round "7.7"]
[White "Riff, Jean-Noel"]
[Black "Paci, Cedric"]
[Result "1-0"]
[WhiteElo "2487"]
[BlackElo "2303"]
[PlyCount "99"]
[EventDate "13.??.??"]
[WhiteTeam "Mulhouse"]
[BlackTeam "Vandoeuvre"]

1. e4 c6 2. Nc3 d5 3. Nf3 Bg4 4. h3 Bxf3 5. Qxf3 Nf6 6. d3 e6 7. a3 Nbd7 8. g3
g6 9. Bg2 Bg7 10. O-O O-O 11. Rb1 Qb6 12. Bd2 Ne8 13. Qd1 Nd6 14. Na4 Qa6 15.
Bb4 Qxa4 16. Bxd6 Rfd8 17. Bc7 Rdc8 18. Bf4 dxe4 19. dxe4 Nb6 20. Qc1 Rd8 21.
Be3 Qa5 22. c4 Bd4 23. Bd2 Qc5 24. b3 a5 25. Kh2 Rd7 26. a4 Rad8 27. Qe1 Ra8
28. f4 Rdd8 29. Rd1 Nd7 30. Bxa5 Rxa5 31. b4 Qxc4 32. bxa5 Qxa4 33. f5 Ra8 34.
Qd2 c5 35. fxe6 fxe6 36. Rb1 Qxa5 37. Qf4 Ne5 38. Rxb7 Qa6 39. Re7 Qd6 40. Qh4
h5 41. Qg5 c4 42. Rff7 Qxe7 43. Rxe7 Ra1 44. Re8+ Kg7 45. Qe7+ Nf7 46. Qf8+ Kf6
47. e5+ Bxe5 48. Re7 h4 49. Rxf7+ Kg5 50. Qd8+ 1-0

[Event "Interclubs Adultes"]
[Site "Montpellier"]
[Date "2008.04.13"]
[Round "7.8"]
[White "Klipper, Rebecca"]
[Black "Muller, Anne"]
[Result "0-1"]
[WhiteElo "2061"]
[BlackElo "2165"]
[PlyCount "76"]
[EventDate "13.??.??"]
[WhiteTeam "Vandoeuvre"]
[BlackTeam "Mulhouse"]

1. d4 Nf6 2. Bg5 e6 3. e3 c5 4. c3 Be7 5. Nd2 cxd4 6. exd4 b6 7. Ngf3 Bb7 8.
Bd3 d6 9. O-O Nbd7 10. Qe2 a6 11. a4 O-O 12. h3 Re8 13. Bxf6 Nxf6 14. Ne4 Nd5
15. Bc2 Bf8 16. Nfg5 g6 17. Qf3 f5 18. h4 h6 19. c4 Nb4 20. Nxe6 Rxe6 21. d5
fxe4 22. Bxe4 Rf6 23. Qg3 Bg7 24. Bxg6 Qc7 25. b3 Raf8 26. Rae1 Bc8 27. Re2
Rxg6 28. Qxg6 Bf5 29. Qg3 Nd3 30. Rd1 Ne5 31. Rde1 Kh8 32. f4 Ng4 33. Re7 Qc5+
34. Kh1 Bf6 35. Re8 Rxe8 36. Rxe8+ Kh7 37. Qe1 Qd4 38. g3 Be4+ 0-1

[Event "Interclubs Adultes"]
[Site "Montpellier"]
[Date "2008.04.13"]
[Round "7.1"]
[White "Bacrot, Etienne"]
[Black "Kozakov, Mikhail"]
[Result "1-0"]
[WhiteElo "2705"]
[BlackElo "2449"]
[PlyCount "79"]
[EventDate "13.??.??"]
[WhiteTeam "Marseille Echecs"]
[BlackTeam "Bois Colombes"]

1. e4 e5 2. Nf3 Nc6 3. Bb5 a6 4. Ba4 Nf6 5. O-O Be7 6. Re1 b5 7. Bb3 O-O 8. c3
d6 9. h3 Nb8 10. d4 Nbd7 11. Nbd2 Bb7 12. Bc2 Re8 13. Nf1 Bf8 14. Ng3 g6 15.
Bg5 h6 16. Bd2 Bg7 17. a4 exd4 18. cxd4 c5 19. Bf4 Nf8 20. axb5 axb5 21. Rxa8
Bxa8 22. d5 Qb6 23. Qd2 h5 24. Bh6 Bh8 25. b3 Bb7 26. Kh1 Qa6 27. Nh4 Qa2 28.
Re2 Qa1+ 29. Kh2 N8d7 30. f4 Qd4 31. Qe1 Qb4 32. Qc1 Nh7 33. f5 Ne5 34. Bd2 Qd4
35. fxg6 fxg6 36. Nxh5 gxh5 37. Nf5 Qa1 38. Nh6+ Kf8 39. Rf2+ Ke7 40. Qxa1 1-0

[Event "Interclubs Adultes"]
[Site "Montpellier"]
[Date "2008.04.13"]
[Round "7.2"]
[White "Landenbergue, Claude"]
[Black "Delchev, Aleksander"]
[Result "0-1"]
[WhiteElo "2440"]
[BlackElo "2639"]
[PlyCount "76"]
[EventDate "13.??.??"]
[WhiteTeam "Bois Colombes"]
[BlackTeam "Marseille Echecs"]

1. e4 e5 2. Nf3 Nc6 3. Nc3 Nf6 4. Bb5 Bd6 5. a3 O-O 6. d3 Ne7 7. O-O c6 8. Ba4
Bc7 9. d4 d5 10. Nxe5 Nxe4 11. Nxe4 dxe4 12. c3 Be6 13. Bc2 f6 14. Be3 Nd5 15.
Nc4 Qd7 16. f3 exf3 17. Qxf3 Rae8 18. Bd1 Rf7 19. Bd2 Rfe7 20. Re1 f5 21. Ne3
Nf4 22. Bc2 c5 23. Rad1 c4 24. Kh1 Nd3 25. Bxd3 cxd3 26. Qf1 Qd6 27. g3 Bb3 28.
Rc1 Bd5+ 29. Kg1 Bf7 30. Qxd3 Qc6 31. d5 Qd7 32. Qxf5 Qd6 33. c4 Bb6 34. c5
Bxc5 35. Rxc5 Qxc5 36. Bb4 Rxe3 37. Bxc5 Rxe1+ 38. Kf2 R8e2+ 0-1

[Event "Interclubs Adultes"]
[Site "Montpellier"]
[Date "2008.04.13"]
[Round "7.3"]
[White "Bartel, Mateusz"]
[Black "Chomet, Pascal"]
[Result "1-0"]
[WhiteElo "2588"]
[BlackElo "2333"]
[PlyCount "81"]
[EventDate "13.??.??"]
[WhiteTeam "Marseille Echecs"]
[BlackTeam "Bois Colombes"]

1. d4 Nf6 2. c4 d6 3. Nc3 e5 4. Nf3 Nbd7 5. g3 g6 6. Bg2 Bg7 7. O-O O-O 8. Qc2
Re8 9. Rd1 c6 10. Bg5 Qb6 11. dxe5 dxe5 12. h3 Nf8 13. Bxf6 Bxf6 14. Ne4 Bg7
15. c5 Qc7 16. Nd6 Re7 17. Nd2 Be6 18. b4 Nd7 19. Rab1 a6 20. N2c4 f5 21. e4 f4
22. Kh2 Rf8 23. Rb2 h5 24. Na5 fxg3+ 25. fxg3 h4 26. g4 Bh6 27. Naxb7 Nf6 28.
Kh1 Be3 29. Na5 Kg7 30. Qe2 Bxc5 31. bxc5 Qxa5 32. Qe3 Nh7 33. Rc1 Rf4 34. Qc3
Qxc3 35. Rxc3 Nf6 36. Rb6 Bxa2 37. Rxc6 Bb1 38. Re3 Ra7 39. Rb6 Ba2 40. c6 Be6
41. Rc3 1-0

[Event "Interclubs Adultes"]
[Site "Montpellier"]
[Date "2008.04.13"]
[Round "7.4"]
[White "Le Roy, Brice"]
[Black "Jedynak, Radoslaw"]
[Result "0-1"]
[WhiteElo "2301"]
[BlackElo "2515"]
[PlyCount "142"]
[EventDate "13.??.??"]
[WhiteTeam "Bois Colombes"]
[BlackTeam "Marseille Echecs"]

1. e4 c5 2. Nf3 d6 3. d4 cxd4 4. Nxd4 Nf6 5. Nc3 a6 6. h3 g6 7. g4 Bg7 8. Bg2
O-O 9. Be3 Nfd7 10. O-O Nc6 11. Nce2 Nde5 12. b3 Nxd4 13. Bxd4 Nc6 14. Bxg7
Kxg7 15. Nd4 Qb6 16. Nxc6 bxc6 17. Re1 f6 18. Qf3 Be6 19. Qe3 Qxe3 20. Rxe3 g5
21. c4 Rab8 22. Rc1 c5 23. Kh2 h5 24. Kg3 Rh8 25. Rh1 hxg4 26. hxg4 Rxh1 27.
Bxh1 Rh8 28. Bg2 Rh4 29. f3 Kf7 30. Re1 Rh8 31. Rh1 Re8 32. Rc1 a5 33. a4 Rb8
34. Rc3 Bd7 35. Rd3 Ke6 36. f4 gxf4+ 37. Kxf4 Kf7 38. Bf3 Kg6 39. Bg2 Rh8 40.
Kg3 Bc6 41. Bf3 Kg5 42. Rd2 Rh4 43. Rd1 Bb7 44. Rd2 Bc6 45. Rd1 f5 46. exf5
Bxf3 47. Kxf3 Rxg4 48. Re1 Rf4+ 49. Kg3 Kxf5 50. Rxe7 Re4 51. Rd7 Ke5 52. Kf3
Rh4 53. Ra7 Rh3+ 54. Ke2 Rxb3 55. Rxa5 Rc3 56. Ra8 Rxc4 57. a5 Kd4 58. a6 Rc2+
59. Kd1 Ra2 60. a7 Kc3 61. Rd8 Rxa7 62. Rxd6 c4 63. Rd8 Ra1+ 64. Ke2 Kc2 65.
Rc8 c3 66. Rb8 Ra7 67. Re8 Rd7 68. Re6 Kc1 69. Re5 c2 70. Rh5 Rb7 71. Kd3 Kb1
0-1

[Event "Interclubs Adultes"]
[Site "Montpellier"]
[Date "2008.04.13"]
[Round "7.5"]
[White "Marzolo, Cyril"]
[Black "Pietrasanta, Jeremy"]
[Result "1/2-1/2"]
[WhiteElo "2476"]
[BlackElo "2280"]
[PlyCount "78"]
[EventDate "13.??.??"]
[WhiteTeam "Marseille Echecs"]
[BlackTeam "Bois Colombes"]

1. d4 g6 2. c4 Bg7 3. Nc3 d6 4. e4 Nd7 5. Nf3 c6 6. Be2 a6 7. O-O b5 8. a3 Bb7
9. Re1 Qc7 10. Bf4 e5 11. Bg3 Ne7 12. dxe5 dxe5 13. cxb5 cxb5 14. Bxb5 axb5 15.
Nxb5 Qb6 16. Nd6+ Kf8 17. Nxf7 Kxf7 18. Qxd7 Bc8 19. Qd3 Ba6 20. Ng5+ Ke8 21.
Qd1 Bf6 22. Nf3 Qe6 23. Qd2 h6 24. Rac1 Kf7 25. Rc5 Nc6 26. Rec1 Rac8 27. b4
Ne7 28. Nxe5+ Kg7 29. h3 Rhd8 30. Qe3 h5 31. Nf3 Rxc5 32. Rxc5 Rd1+ 33. Kh2 Kg8
34. Ng5 Qa2 35. Be5 Bxg5 36. Qxg5 Qxf2 37. Qxe7 Qg1+ 38. Kg3 Qe1+ 39. Kf4 Qd2+
1/2-1/2

[Event "Interclubs Adultes"]
[Site "Montpellier"]
[Date "2008.04.13"]
[Round "7.6"]
[White "Vuilleumier, Alexandre"]
[Black "Gozzoli, Yannick"]
[Result "1/2-1/2"]
[WhiteElo "2277"]
[BlackElo "2509"]
[PlyCount "76"]
[EventDate "13.??.??"]
[WhiteTeam "Bois Colombes"]
[BlackTeam "Marseille Echecs"]

1. d4 Nf6 2. Nf3 d5 3. c4 c6 4. cxd5 cxd5 5. Nc3 Nc6 6. Bf4 a6 7. e3 Bg4 8. Qb3
Na5 9. Qa4+ Bd7 10. Qc2 Rc8 11. Bd3 e6 12. O-O Nc4 13. Ne5 Nxe5 14. Bxe5 Bc6
15. f4 Ng4 16. Qe2 f5 17. Rf3 Nxe5 18. fxe5 Bb4 19. g4 g6 20. Qg2 Bxc3 21. bxc3
Kd7 22. gxf5 gxf5 23. Rxf5 Kc7 24. Rf7+ Kb8 25. Rb1 Rg8 26. Rg7 Rxg7 27. Qxg7
Qa5 28. Bxh7 Qxc3 29. Qg3 Rh8 30. Bg8 Qc2 31. Re1 Rh6 32. Bf7 Bb5 33. e4 Qd2
34. exd5 Qxd4+ 35. Qe3 Qg4+ 36. Qg3 Qd4+ 37. Qe3 Qg4+ 38. Qg3 Qd4+ 1/2-1/2

[Event "Interclubs Adultes"]
[Site "Montpellier"]
[Date "2008.04.13"]
[Round "7.7"]
[White "Amigues, Emmanuel"]
[Black "Shoker, Samy"]
[Result "1-0"]
[WhiteElo "2357"]
[BlackElo "2377"]
[PlyCount "83"]
[EventDate "13.??.??"]
[WhiteTeam "Marseille Echecs"]
[BlackTeam "Bois Colombes"]

1. d4 g6 2. c4 Bg7 3. e4 d6 4. Nc3 c6 5. Be3 Nd7 6. Be2 a6 7. h4 h5 8. Nf3 b5
9. Qb3 bxc4 10. Bxc4 e6 11. Bxe6 fxe6 12. Qxe6+ Ne7 13. Ng5 Rf8 14. Qxd6 Nf6
15. Qe5 Bh8 16. Qc5 Rb8 17. O-O-O Ng4 18. Rd2 Qb6 19. Qd6 Nxe3 20. fxe3 Qb4 21.
Qg3 c5 22. Re1 cxd4 23. exd4 Bxd4 24. a3 Qb6 25. Na4 Bf2 26. Qe5 Bxe1 27. Nxb6
Bxd2+ 28. Kxd2 Rxb6 29. b4 Bg4 30. Ke3 Rc6 31. a4 Rf1 32. Qh8+ Kd7 33. Qd4+ Rd6
34. Qa7+ Kd8 35. b5 Re1+ 36. Kf4 Rf6+ 37. Kg3 Bc8 38. Qc5 Re3+ 39. Kh2 axb5 40.
Qb6+ Ke8 41. Qxb5+ Bd7 42. Qd3 1-0

[Event "Interclubs Adultes"]
[Site "Montpellier"]
[Date "2008.04.13"]
[Round "7.8"]
[White "Guichard, Pauline"]
[Black "Delorme, Laurie"]
[Result "1/2-1/2"]
[WhiteElo "2274"]
[BlackElo "2140"]
[PlyCount "115"]
[EventDate "13.??.??"]
[WhiteTeam "Bois Colombes"]
[BlackTeam "Marseille Echecs"]

1. d4 d5 2. c4 c6 3. Nc3 Nf6 4. Nf3 e6 5. Qc2 Nbd7 6. cxd5 exd5 7. Bg5 Be7 8.
e3 O-O 9. Bd3 Re8 10. O-O h6 11. Bf4 Nf8 12. h3 Bd6 13. Ne5 Qe7 14. Rfe1 Be6
15. Bh2 Rec8 16. Qe2 N6d7 17. Rad1 Bb4 18. Bb1 c5 19. Nd3 Ba5 20. dxc5 Bxc3 21.
bxc3 Nxc5 22. Nf4 Ne4 23. Bxe4 dxe4 24. Rd4 Rxc3 25. Rxe4 Qa3 26. Nxe6 Nxe6 27.
Be5 Rc1 28. Rxc1 Qxc1+ 29. Kh2 Rc8 30. Qg4 Qc5 31. Bb2 Qf8 32. Qe2 Qd6+ 33. Kg1
Qd5 34. Rg4 Rd8 35. Kh2 a6 36. Bc3 Qd6+ 37. Rg3 Rc8 38. Qb2 g6 39. Be5 Qc6 40.
Qb3 Re8 41. Ba1 Kh7 42. Qb2 Qc7 43. Kg1 Qe7 44. Rf3 f5 45. h4 h5 46. g3 Nc5 47.
Kh2 Ne6 48. Qc3 Qg7 49. Qc1 Qc7 50. Qxc7+ Nxc7 51. Rf4 Re4 52. Rxe4 fxe4 53. g4
b5 54. gxh5 gxh5 55. Kg3 Nd5 56. f3 exf3 57. Kxf3 Kg6 58. Ke4 1/2-1/2

[Event "Interclubs Adultes"]
[Site "Montpellier"]
[Date "2008.04.13"]
[Round "7.7"]
[White "Friburger, Quentin"]
[Black "Conquest, Stuart C"]
[Result "0-1"]
[WhiteElo "1791"]
[BlackElo "2530"]
[PlyCount "120"]
[EventDate "13.??.??"]
[WhiteTeam "Marseille Duchamps"]
[BlackTeam "Montpellier"]

1. d4 Nf6 2. c4 e6 3. Nf3 c5 4. g3 cxd4 5. Nxd4 Bb4+ 6. Bd2 Bc5 7. Nb3 Be7 8.
Bg2 Nc6 9. O-O b6 10. Bf4 Bb7 11. Nc3 O-O 12. Nb5 d5 13. Rc1 Rc8 14. c5 Ba6 15.
a4 bxc5 16. Nxc5 Bxb5 17. axb5 Nb4 18. Na6 Qa5 19. Ra1 Qxb5 20. Nxb4 Bxb4 21.
Rxa7 Bc5 22. Ra2 h6 23. Qa4 Qb7 24. Qa6 Qd7 25. Qa4 Qb7 26. Qa6 Qe7 27. Rfa1
Ng4 28. Rf1 Bb4 29. Bf3 Nf6 30. Ra4 Rfd8 31. Qb6 Bc5 32. Qa5 Qb7 33. Rfa1 Qxb2
34. Bc7 Rd7 35. Qxc5 Rdxc7 36. Qa3 Qe5 37. Ra8 Rxa8 38. Qxa8+ Kh7 39. Ra7 g6
40. Kg2 Rxa7 41. Qxa7 Kg7 42. Qc5 h5 43. e3 Qb2 44. Qd4 Qb8 45. h3 Qd6 46. Qd3
Nd7 47. Qd4+ Nf6 48. Qd3 Kf8 49. Qc3 Ke7 50. Qd4 e5 51. Qa7+ Kf8 52. Qa4 Kg7
53. Qd1 Qc5 54. g4 hxg4 55. hxg4 d4 56. Qd3 Qc3 57. Qxc3 dxc3 58. Bd1 Nd5 59.
Kf3 Nb4 60. Ke2 c2 0-1